Normal view
MARC view
- TURABIAN,L.KATE
Entry Personal Name
001 - CONTROL NUMBER
- control field: 133984
003 - CONTROL NUMBER IDENTIFIER
- control field: NUST
005 - DATE AND TIME OF LATEST TRANSACTION
- control field: 20260408121828.0
008 - FIXED-LENGTH DATA ELEMENTS
- fixed length control field: 260408|| aca||aabn | a|a d
040 ## - CATALOGING SOURCE
- Original cataloging agency: NUST
- Transcribing agency: NUST
100 ## - HEADING--PERSONAL NAME
- Personal name: TURABIAN,L.KATE
670 ## - SOURCE DATA FOUND
- Source citation: Work cat.: (NUST): TURABIAN,L.KATE., A MANUAL FOR WRITERS OF TERM PAPERS THESES AND DISSERTATIONS /, 1955.
